000 00615nam a2200193Ia 4500
003 GCL
008 140319s9999 xx 000 0 ara d
040 _aGCL /
_cGCL
082 0 4 _a928.1
_bع ش
100 1 _aعبدالرحمن عثمان
245 1 0 _aالشاعر البائس : عبدالحميد الديب /
_cعبدالرحمن عثمان
300 _a213 ص
490 _a
650 0 4 _aالشعراء العرب
650 0 4 _aالشعر العربى - تاريخ ونقد
650 0 4 _aعبدالحميد الديب
650 0 4 _aالشعر العربى - العصر الحديث
942 _2ddc
_cBK
999 _c39842
_d39842